<?xml version="1.0" encoding="UTF-8"?>
<marc:record xmlns:marc="http://www.loc.gov/MARC21/slim">
   <marc:leader>00000nam a2200000 a 4500</marc:leader>
   <marc:datafield ind1="1" ind2=" " tag="100">
      <marc:subfield code="a">Mayer-Skumanz, Lene</marc:subfield>
      <marc:subfield code="4">aut</marc:subfield>
      <marc:subfield code="e">Verfasser/-in</marc:subfield>
   </marc:datafield>
   <marc:datafield ind1="0" ind2="0" tag="245">
      <marc:subfield code="a">Florian</marc:subfield>
   </marc:datafield>
   <marc:datafield ind1="0" ind2="0" tag="245">
      <marc:subfield code="b">die letzten Tage eines Heiligen ; Erzählung</marc:subfield>
   </marc:datafield>
   <marc:datafield ind1="0" ind2="0" tag="245">
      <marc:subfield code="c">Lene Mayer-Skumanz</marc:subfield>
   </marc:datafield>
   <marc:datafield ind1=" " ind2="1" tag="264">
      <marc:subfield code="a">Wien</marc:subfield>
      <marc:subfield code="b">Dachs Verl.</marc:subfield>
      <marc:subfield code="c">2004</marc:subfield>
   </marc:datafield>
   <marc:datafield ind1="1" ind2=" " tag="520">
      <marc:subfield code="a">Manche AutorInnen suchen das Leben im Nachspüren aktueller Trends und Moden - Lene Mayer-Skumanz vorzugsweise in der Geschichte. Dabei ist dies keineswegs als Abwendung von der Gegenwart zu verstehen, vielmehr steht dahinter die Erkenntnis, dass die wesentlichen Fragen des Lebens zeitlos sind. Am 4. Mai 304 wurde der pensionierte Beamte Florianus in Lauriacum nach Folterungen mit einem Stein um den Hals in die Enns gestürzt, nachdem er einer Gruppe von Christen zu Hilfe kommen wollte, die sich weigerte den Staatsgöttern zu opfern. Wie wenig sich die Lebensproblematik eines römischen Beamten und Heiligen an der Wende zum 4. Jh. von der unseren unterscheidet, schildert die Autorin anhand der letzten Lebenstage des Florianus. Es geht um Klugheit und Dummheit, politische Intrige und das Verhältnis zur Macht, um das Naturverständnis und um die Liebe. Und zentral steht dahinter die schwierige Frage, an welchem Punkt man für seinen Glauben mit dem Leben einstehen muss und wo es ratsamer ist, seine Überzeugungen zu verbergen und sich mit den Mächtigen zu arrangieren. Ist es wert, für seinen Glauben zu sterben, wenn man dem Tod durch ein paar Weihrauchkörner vor einem römischen Opferaltar entrinnen kann? Der Florianus der Lene Mayer-Skumanz ist kein Eiferer, der die ganze Welt bekehren möchte, sondern ein kluger, umsichtiger und toleranter Herr, der ungewollt in eine lebensgefährliche Entscheidungssituation hineingerät. Wie schon in 'Frau Ava&#x93; zeichnen sich die positiven Figuren auch in dieser Romanbiografie durch ihr Naturverständnis aus. Florianus beschäftigt sich mit Bienenzucht und studiert am Bienenvolk die Wirkkräfte der Natur und die Funktionsweise ihrer sozialen Gemeinschaft. In gut zugänglicher Form bietet der spannend geschriebene Text detailliertes geschichtliches, wirtschaftliches und sozialgeschichtliches Hintergrundwissen und schafft so einen guten Zugang in eine ferne Zeit, die uns unerwartet vertraut erscheint. *bn* Reinhard Ehgartner</marc:subfield>
   </marc:datafield>
   <marc:datafield ind1=" " ind2=" " tag="020">
      <marc:subfield code="a">3851913361</marc:subfield>
      <marc:subfield code="9">3851913361</marc:subfield>
   </marc:datafield>
   <marc:datafield ind1=" " ind2=" " tag="300">
      <marc:subfield code="a">156 S.</marc:subfield>
   </marc:datafield>
</marc:record>
